Catalog

Record Details

Catalog Search



Machines of Nature and Corporeal Substances in Leibniz Cover Image E-book E-book

Machines of Nature and Corporeal Substances in Leibniz [electronic resource] / edited by Justin E. H. Smith, Ohad Nachtomy.

Smith, Justin E. H. (Author). Nachtomy, Ohad. (Added Author). SpringerLink (Online service) (Added Author).

Record details

  • ISBN: 9789400700413
  • Physical Description: XV, 200p. digital.
  • Publisher: Dordrecht : Springer Netherlands, 2011.
Subject: Philosophy (General).
Science > History.
Metaphysics.
Ontology.
Philosophy.
Metaphysics.
Ontology.
History of Science.
History of Philosophy.

Electronic resources


LDR 01336nam a22003975i 4500
0016167
003CONS
00520121024190428.0
007cr nn 008mamaa
008110103s2011 ne | s |||| 0|eng d
020 . ‡a9789400700413 ‡9978-94-007-0041-3
0247 . ‡a10.1007/978-94-007-0041-3 ‡2doi
035 . ‡a(DE-He213)978-94-007-0041-3
050 4. ‡aBD95-131
072 7. ‡aHPJ ‡2bicssc
072 7. ‡aPHI013000 ‡2bisacsh
1001 . ‡aSmith, Justin E. H.
24510. ‡aMachines of Nature and Corporeal Substances in Leibniz ‡h[electronic resource] / ‡cedited by Justin E. H. Smith, Ohad Nachtomy.
260 . ‡aDordrecht : ‡bSpringer Netherlands, ‡c2011.
300 . ‡aXV, 200p. ‡bdigital.
4900 . ‡aThe New Synthese Historical Library ; ‡v67
650 0. ‡aPhilosophy (General).
650 0. ‡aScience ‡xHistory.
650 0. ‡aMetaphysics.
650 0. ‡aOntology.
65014. ‡aPhilosophy.
65024. ‡aMetaphysics.
65024. ‡aOntology.
65024. ‡aHistory of Science.
65024. ‡aHistory of Philosophy.
7001 . ‡aNachtomy, Ohad.
7102 . ‡aSpringerLink (Online service)
7730 . ‡tSpringer eBooks
77608. ‡iPrinted edition: ‡z9789400700406
830 0. ‡aThe New Synthese Historical Library ; ‡v67
85640. ‡uhttp://dx.doi.org/10.1007/978-94-007-0041-3 ‡9CONS
950 . ‡aHumanities, Social Sciences and Law (Springer-11648)
901 . ‡a6167 ‡b ‡c6167 ‡tbiblio ‡sSystem Local

Additional Resources